Reactions at solid surfaces (Record no. 1328)

MARC details
000 -LEADER
fixed length control field 00512nam a22001937a 4500
003 - CONTROL NUMBER IDENTIFIER
control field OSt
005 - DATE AND TIME OF LATEST TRANSACTION
control field 20150401150215.0
008 - FIXED-LENGTH DATA ELEMENTS--GENERAL INFORMATION
fixed length control field 150401b xxu||||| |||| 00| 0 eng d
020 ## - INTERNATIONAL STANDARD BOOK NUMBER
International Standard Book Number 9780470261019
040 ## - CATALOGING SOURCE
Transcribing agency DDC
082 ## - DEWEY DECIMAL CLASSIFICATION NUMBER
Edition number 22nd ed.
Classification number 541.3 ERT 2009
100 ## - MAIN ENTRY--PERSONAL NAME
Personal name Errtl, Gerhard
9 (RLIN) 3523
245 ## - TITLE STATEMENT
Title Reactions at solid surfaces
260 ## - PUBLICATION, DISTRIBUTION, ETC. (IMPRINT)
Place of publication, distribution, etc. New Jersey;
Name of publisher, distributor, etc. Wiley & sons,
Date of publication, distribution, etc. 2009
300 ## - PHYSICAL DESCRIPTION
Extent ix,207p;
Other physical details ill:
Dimensions 24cm
504 ## - BIBLIOGRAPHY, ETC. NOTE
Bibliography, etc References, & index included
650 ## - SUBJECT ADDED ENTRY--TOPICAL TERM
Topical term or geographic name as entry element Solid
9 (RLIN) 3524
942 ## - ADDED ENTRY ELEMENTS (KOHA)
Source of classification or shelving scheme Dewey Decimal Classification
Koha item type Open Shelf
Holdings
Withdrawn status Lost status Source of classification or shelving scheme Damaged status Not for loan Home library Current library Date acquired Source of acquisition Inventory number Total Checkouts Full call number Barcode Date last seen Koha item type
    Dewey Decimal Classification     MUST Main Library MUST Main Library 01/04/2015   14/38292   541.3 ERT 2009 2015-0770 01/04/2015 Open Shelf
    Dewey Decimal Classification     MUST Main Library MUST Main Library 01/04/2015   14/38293   541.3 ERT 2009 2015-0771 01/04/2015 Open Shelf